|
|
|
|
| LEADER |
01186nam a2200277 a 4500 |
| 001 |
28770 |
| 003 |
BD-DhAAL |
| 008 |
150108s2014 bg a s f000 0 mul d |
| 020 |
|
|
|a 9789849014287
|
| 040 |
|
|
|a BD-DhAAL
|c BD-DhAAL
|d BD-DhAAL
|
| 082 |
0 |
|
|a 315.492
|2 19
|
| 245 |
0 |
0 |
|a Statistical pocket book of Bangladesh 2013 /
|c Bangladesh Bureau of Statistics.
|
| 246 |
3 |
1 |
|a Bāṃlādeśa parisaṃkhyāna pakeṭa bai.
|
| 246 |
1 |
|
|i Title varies slightly:
|a Statistical pocketbook of Bangladesh
|
| 246 |
1 |
4 |
|a Statistical pocketbook.
|p Bangladesh
|f <1994->
|
| 260 |
|
|
|a Dhaka :
|b Bangladesh Bureau of Statistics, Statistics Division, Ministry of Planning,
|c 2014
|
| 300 |
|
|
|a xix, 533 p. :
|b ill. ;
|c 14 cm.
|
| 310 |
|
|
|a Annual
|
| 541 |
1 |
|
|e 28770
|
| 546 |
|
|
|a Bengali and English.
|
| 651 |
|
0 |
|a Bangladesh
|v Statistics
|v Periodicals.
|9 3788
|
| 710 |
1 |
|
|a Bangladesh.
|b Statistics and Information Division (SID), Ministry of Planning.
|9 3789
|
| 852 |
4 |
|
|a Ayesha Abed Library
|j General shelf
|
| 942 |
|
|
|2 ddc
|c BK
|
| 999 |
|
|
|c 33406
|d 33406
|
| 952 |
|
|
|0 0
|1 0
|2 ddc
|4 0
|6 315_492000000000000_STA
|7 0
|9 44648
|a BRACUL
|b BRACUL
|c GEN
|d 2015-01-08
|l 1
|m 8
|o 315.492 STA
|p 3010028770
|r 2016-04-07
|s 2016-02-01
|t 1
|w 2015-01-08
|y BK
|